Laboratory manual to accompany essentials of anatomy & physiology / (Record no. 357589)
[ view plain ]
| 000 -LEADER | |
|---|---|
| fixed length control field | 00505nam a2200193Ia 4500 |
| 008 - FIXED-LENGTH DATA ELEMENTS--GENERAL INFORMATION | |
| fixed length control field | 180523s9999 xx 000 0 und d |
| 020 ## - INTERNATIONAL STANDARD BOOK NUMBER | |
| International Standard Book Number | 0-07-246431-1 |
| 050 ## - LIBRARY OF CONGRESS CALL NUMBER | |
| Classification number | MAIN QP 44 |
| 050 ## - LIBRARY OF CONGRESS CALL NUMBER | |
| Item number | .P38 2005 c.2 |
| 100 ## - MAIN ENTRY--PERSONAL NAME | |
| Personal name | Patton, Kevin T. |
| 245 #0 - TITLE STATEMENT | |
| Title | Laboratory manual to accompany essentials of anatomy & physiology / |
| 245 #0 - TITLE STATEMENT | |
| Statement of responsibility, etc | Kevin T. Patton. |
| 260 ## - PUBLICATION, DISTRIBUTION, ETC. (IMPRINT) | |
| Place of publication, distribution, etc | Canada : |
| 260 ## - PUBLICATION, DISTRIBUTION, ETC. (IMPRINT) | |
| Name of publisher, distributor, etc | McGraw-Hill, |
| 260 ## - PUBLICATION, DISTRIBUTION, ETC. (IMPRINT) | |
| Date of publication, distribution, etc | 2005 |
| 300 ## - PHYSICAL DESCRIPTION | |
| Extent | 324 pages : |
| 300 ## - PHYSICAL DESCRIPTION | |
| Other physical details | illustrations ; |
| 300 ## - PHYSICAL DESCRIPTION | |
| Dimensions | 26 cm. |
| Withdrawn status | Lost status | Damaged status | Home library | Current library | Shelving location | Date acquired | Total Checkouts | Full call number | Barcode | Date last seen | Price effective from | Koha item type |
|---|---|---|---|---|---|---|---|---|---|---|---|---|
| South Mansfield College | South Mansfield College | 03/07/2005 | MAIN QP 44 .P38 2005 c.2 | SMC02447 | 05/23/2018 | 05/23/2018 |